Taylor Swift - Devine les chansons par le refrain #1 - Statistiques

Statistiques générales
  • Ce quiz a été pris 626 fois
  • Le résultat moyen est 12 sur 15
Statistiques - réponses
Hint Réponse % Correct
It's me, hiI'm the problem, it's me At teatime, everybody agrees I'll stare directly at the sun, but never in the mirror It must be exhausting always rooting for the *** Anti-hero
99%
'Cause *** is my boyfriend*** is a god *** is the breeze in my hair on the weekend ***'s a relaxing thought Aren't you envious that for you it's not? Sweet like honey, *** is a cat Purring in my lap 'cause it loves me Flexing like a goddamn acrobat Me and *** vibe like that Karma
93%
***, love made me crazyIf it doesn't, you ain't doin' it right Lord, save me, my drug is my baby I'll be usin' for the rest of my life ***, love made me crazy If it doesn't, you ain't doin' it right Oh Lord, save me, my drug is my baby I'll be usin' for the rest of my life Don’t Blame Me
91%
This night is sparklin', don't you let it goI'm wonderstruck, blushin' all the way home I'll spend forever wonderin' if you knew I was *** to meet you Enchanted
89%
It's you and me, that's my whole worldThey whisper in the hallway, "She's a bad, bad girl" (Okay) The whole school is rolling fake dice You play stupid games, you win stupid prizes It's you and me, there's nothing like this *** (Okay) We're so sad, we paint the town blue Voted most likely to run away with you Miss Americana & The Heartbreak Prince
88%
Hello, ***How's your heart after breakin' mine? Mr. "Always at the right place at the right time," baby Hello, Mr. "Casually cruel" Mr. "Everything revolves around you" I've been Miss Misery since your goodbye And you're *** Mr. Perfectly Fine
86%
And when I felt like I was an old ***Under someone's bed You put me on and said I was your favorite cardigan
82%
If you could see that I'm the one who understands youBeen here all along, so why can't you see? ***, *** You Belong With Me
82%
So I leap from the gallows and I levitate down your streetCrash the party like a record scratch as I scream "***" You should be Who's Afraid of Little Old Me ?
80%
I think he did it, but I just can't prove it (He did it)I think he did it, but I just can't prove it (He did it) I think he did it, but I just can't prove it *** But I ain't lettin' up until the day I die No Body, No Crime
78%
And I don't even want you back, I just want to knowIf rusting my sparkling summer was the goal And I don't miss what we had, but could someone give A message to ***? The Smallest Man Who Ever Lived
73%
'Cause, baby, I could build a castleOut of all the bricks they threw at me And evеry day is like a battle But evеry night with us is like a dream Baby, we're the ***, come on, come along with me Heartbreak is the national anthem, we sing it proudly We are too busy dancin' to get knocked off our feet Baby, we're the *** The best people in life are free New Romantics
71%
'Cause *** when you walked inSo shamе on me now Flew me to places I'd never been 'Til you put me down, oh *** when you walked in So shame on me now Flew me to places I'd never been Now I'm lyin' on the cold hard ground I Knew You Were Trouble
65%
But when you think ***I hope you think my favorite song The one we danced to all night long The moon like a spotlight on the lake When you think happiness I hope you think that little black dress Think of my head on your chest And my old faded blue jeans When you think *** I hope you think of me Tim McGraw
50%
And it was like slow motionStanding there in my party dress In red lipstick With no one to impress And they're all laughin' As I'm lookin' around the room But therе was one thing missin' And that was *** The Moment I Knew
37%
Aucun quiz correspondant
Distribution des résultats
% des personnes avec chaque résultat
Percentile par nombre de réponses
Votre historique - résultats
Vous n’avez pas pris ce quiz